| 000 | 01866cam a2200385 i 4500 | ||
|---|---|---|---|
| 999 |
_c90964 _d48994 |
||
| 001 | 90964 | ||
| 003 | TR-AnTOB | ||
| 005 | 20230809001251.0 | ||
| 007 | ta | ||
| 008 | 131219s2018 tu b 00000 tur d | ||
| 020 | _a9786053003663 | ||
| 035 | _a(OCoLC)865658065 | ||
| 040 |
_aSULEY _beng _erda _cSULEY _drda |
||
| 041 | 0 | _atur | |
| 050 | 1 | 4 | _aKKX3790 |
| 090 |
_aKKX3790 _b.A45 2018 |
||
| 100 | 1 |
_aAkkaya, Çetin _eauthor _9121111 |
|
| 245 | 1 | 0 |
_aAçıklamalı ve içtihatlı cezaların infazı ve infaz hukuku / _cÇetin Akkaya. |
| 246 | 3 | 0 | _aCezaların infazı ve infaz hukuku |
| 250 |
_a6. baskı _bŞubat, 2018 |
||
| 264 | 1 |
_aAnkara : _bAdalet, _c2018. |
|
| 300 |
_axviii, 1053 pages ; _c24 cm. |
||
| 336 |
_atext _btxt _2rdacontent |
||
| 337 |
_aunmediated _bn _2rdamedia |
||
| 338 |
_avolume _bnc _2rdacarrier |
||
| 490 | 0 |
_aAdalet Yayınevi. _aHukuk Yayınları Dizisi ; _v1677 |
|
| 504 | _aIncludes bibliographical references (pages : [1051]- 1051) and index. | ||
| 505 | _aCeza türleri--Tutuklama müzekkerelerinin infazı--İnfaz işlemleri--Koşullu salıverme sürelerinin hesaplanması--Özel infaz usulleri--İnfazın geri bırakılması--İnfazın sona ermesi--Mahsup--Cezaların toplanması--İnfazda tereddüt--Koşullu salıverilme kararının geri alınması--Koşullu salıverme oranını değiştiren durumlar--Disiplin ceza ve tedbirleri--Suçluların iadesi ve transferi--Tekerrür--Yasaklanmış hakların geri verilmesi--Kanun yararına bozma--Yargıtay kararları. | ||
| 650 | 7 |
_aCezai adalet yönetimi _zTürkiye _2etuturkob _9108046 |
|
| 650 | 7 |
_aİnfaz (hukuk) _zTürkiye _2etuturkob _9119264 |
|
| 650 | 7 |
_aCeza hukuku _zTürkiye _2etuturkob _948989 |
|
| 856 |
_uhttps://www.adaletyayinevi.com.tr/9786053003663?search=%C3%A7etin%20akkaya _3Publisher web page |
||
| 942 |
_2lcc _cBK |
||